Ở đây vui quá, xin lỗi, cười hết nỗi

Nội dung sách được một tác giả người Canada viết về phong tục tập quán, giao tiếp, những khác biệt của người ngoại quốc khi tiếp xúc với phong tục, cuộc sống, văn hóa của người Việt Nam trong những ngày tháng sinh sống và làm việc tại V...

全面介绍

Đã lưu trong:
书目详细资料
主要作者: Peterson, Jesse
格式: 图书
语言:Undetermined
出版: Đà Nẵng Nxb. Đà nẵng 2018
主题:
标签: 添加标签
没有标签, 成为第一个标记此记录!
Thư viện lưu trữ: Trung tâm Học liệu Trường Đại học Cần Thơ
LEADER 01193nam a2200205Ia 4500
001 CTU_233407
008 210402s9999 xx 000 0 und d
020 |c 149000 
082 |a 306.481 
082 |b P485 
100 |a Peterson, Jesse 
245 0 |a Ở đây vui quá, xin lỗi, cười hết nỗi 
245 0 |c Jesse Peterson 
260 |a Đà Nẵng 
260 |b Nxb. Đà nẵng 
260 |c 2018 
520 |a Nội dung sách được một tác giả người Canada viết về phong tục tập quán, giao tiếp, những khác biệt của người ngoại quốc khi tiếp xúc với phong tục, cuộc sống, văn hóa của người Việt Nam trong những ngày tháng sinh sống và làm việc tại Việt Nam. Những gì tác giả viết là một cái nhìn khách quan, chân thật đang diễn ra trong xã hội Việt Nam hiện nay mà mỗi người đọc chúng ta cần lưu tâm và suy nghĩ. 
650 |a Giao thoa văn hóa,Cultural encounter 
910 |b dqhieu 
980 |a Trung tâm Học liệu Trường Đại học Cần Thơ